M&M Minefield Quiz Stats

 Plays Quiz Updated Apr 2, 2014

Support Sporcle.
Go Orange.
Score 0/5 Timer 01:00
0 Plays Today
% Correct
???
76%
???
68.1%
???
67%
???
65%
???
14.5%

You're not logged in!

Compare scores with friends on all Sporcle quizzes.
OR
Log In

From the Vault

Old Movie Villains

by Pilgab

These are the classic characters that we love to hate.
Remove Ads.
Support Sporcle.
Get the best of Sporcle when you Go Orange. This ad-free experience offers more features, more stats, and more fun while also helping to support Sporcle. Thank you for becoming a member.

Show Comments

Extras

Top Quizzes Today


Score Distribution

Your Account Isn't Verified!

In order to create a playlist on Sporcle, you need to verify the email address you used during registration. Go to your Sporcle Settings to finish the process.

Report this User

Report this user for behavior that violates our Community Guidelines.

Details: